000 00373pab a2200169 454500
008 180718b1995 xxu||||| |||| 00| 0 eng d
100 _aBuch, M.C.
245 _aAnticipatory bail
260 _c1995
300 _ap.11
362 _a22 Jul
650 _aCrime
650 _aBail
650 _aCriminal procedure - India
773 _aHindustan Times
909 _a29872
999 _c29872
_d29872